[Event "34. Potsdamer Weihnachtsturnier"]
[Site "?"]
[Date "2009.12.29"]
[Round "5.1"]
[White "Cusnariov, Nicolai"]
[Black "Rietze, Clemens"]
[Result "1/2-1/2"]
[WhiteElo "2173"]
[BlackElo "2186"]
[PlyCount "40"]
[EventDate "2004.??.??"]

1. b3 d5 2. Bb2 Nf6 3. Nf3 c5 4. e3 Nc6 5. d4 g6 6. Bd3 Bg7 7. O-O O-O 8. dxc5
Qa5 9. a3 Qxc5 10. b4 Qb6 11. c4 e5 12. Nxe5 Nxe5 13. Bxe5 Qe6 14. Bb2 dxc4 15.
Be2 Bd7 16. Qc2 Rac8 17. Nc3 Bc6 18. b5 Be4 19. Nxe4 Qxe4 20. Rac1 Rc7 1/2-1/2

[Event "34. Potsdamer Weihnachtsturnier"]
[Site "?"]
[Date "2009.12.29"]
[Round "5.2"]
[White "Illner, Kristof"]
[Black "Hein, Carsten"]
[Result "1/2-1/2"]
[WhiteElo "2104"]
[BlackElo "2127"]
[PlyCount "35"]
[EventDate "2004.??.??"]

1. e4 c5 2. Nc3 Nc6 3. f4 e6 4. Nf3 Nge7 5. d3 d5 6. b3 g6 7. Be2 Bg7 8. Bd2
Nd4 9. O-O O-O 10. Rb1 b6 11. Na4 Bb7 12. e5 Nxe2+ 13. Qxe2 d4 14. Nb2 a5 15.
a4 h5 16. Nc4 Nf5 17. Ng5 Qc7 18. Ne4 1/2-1/2

[Event "34. Potsdamer Weihnachtsturnier"]
[Site "?"]
[Date "2009.12.29"]
[Round "5.3"]
[White "Trenner, Rolf"]
[Black "Wiezer, Siegfried"]
[Result "1/2-1/2"]
[WhiteElo "2280"]
[BlackElo "2037"]
[PlyCount "22"]
[EventDate "2004.??.??"]

1. d4 Nf6 2. g3 d5 3. Bg2 c6 4. Nf3 Bg4 5. Nbd2 Nbd7 6. O-O e6 7. Ne5 Nxe5 8.
dxe5 Nd7 9. f4 h5 10. Nf3 Bc5+ 11. e3 g5 1/2-1/2

[Event "34. Potsdamer Weihnachtsturnier"]
[Site "?"]
[Date "2009.12.29"]
[Round "5.4"]
[White "Schrodt, Sebastian"]
[Black "Schulz, Wolfgang"]
[Result "1-0"]
[WhiteElo "2054"]
[BlackElo "2111"]
[PlyCount "86"]
[EventDate "2004.??.??"]

1. Nf3 d5 2. c4 e6 3. g3 Nf6 4. Bg2 Bd6 5. O-O O-O 6. d3 c6 7. Nbd2 Re8 8. Qc2
Nbd7 9. Re1 e5 10. e4 dxe4 11. Nxe4 Nxe4 12. dxe4 Qe7 13. Be3 b6 14. Rad1 Bc5
15. a3 Bxe3 16. Rxe3 Nf8 17. Red3 Bg4 18. h3 Bxf3 19. Bxf3 Red8 20. Bg4 g6 21.
h4 Kg7 22. Qd2 Rxd3 23. Qxd3 h5 24. Bh3 Ne6 25. Bxe6 Qxe6 26. b3 Re8 27. Qd7
Re7 28. Qxe6 Rxe6 29. Rd7 a5 30. Kf1 Kf6 31. c5 Re7 32. Rxe7 Kxe7 33. cxb6 Kd7
34. Ke2 c5 35. Kd3 Kc6 36. Kc4 Kxb6 37. Kd5 f6 38. a4 g5 39. hxg5 fxg5 40. Kxe5
h4 41. gxh4 gxh4 42. Kf4 c4 43. bxc4 Kc5 1-0

[Event "34. Potsdamer Weihnachtsturnier"]
[Site "?"]
[Date "2009.12.29"]
[Round "5.5"]
[White "Welz, Peter"]
[Black "Binder, Thomas"]
[Result "1/2-1/2"]
[WhiteElo "2090"]
[BlackElo "1894"]
[PlyCount "101"]
[EventDate "2004.??.??"]

1. e4 d5 2. exd5 Nf6 3. Bb5+ Bd7 4. Bc4 b5 5. Bb3 Bg4 6. f3 Bc8 7. Qe2 a6 8. a4
b4 9. Qe5 Bb7 10. c4 c6 11. d6 Qxd6 12. Qxd6 exd6 13. d4 c5 14. d5 Nbd7 15. a5
O-O-O 16. Nh3 Re8+ 17. Kf2 Ne5 18. Rd1 h6 19. Ba4 Re7 20. b3 Kc7 21. Nf4 g5 22.
Nd3 Nxd3+ 23. Rxd3 Bg7 24. Ra2 Bc8 25. Re2 Rxe2+ 26. Kxe2 Bf5 27. Re3 Bxb1 28.
Re7+ Kb8 29. Rxf7 Rg8 30. Bc6 Ne8 31. Kd1 Nc7 32. f4 Bg6 33. Rd7 Bh5+ 34. Ke1
Re8+ 35. Kf2 Bd4+ 36. Kg3 gxf4+ 37. Kh4 Bd1 38. Rxd6 Bf2+ 39. Kh3 Rg8 40. Bd7
h5 41. Rb6+ Ka7 42. g3 fxg3 43. hxg3 Bxg3 44. Bc6 Be2 45. Rb7+ Ka8 46. Rxb4+
Ka7 47. Rb7+ Ka8 48. Rb6+ Ka7 49. Bg5 Rxg5 50. Rb7+ Ka8 51. Rb5+ 1/2-1/2

[Event "34. Potsdamer Weihnachtsturnier"]
[Site "?"]
[Date "2009.12.29"]
[Round "5.6"]
[White "Witt, Ronald"]
[Black "Scholz, Ralf-Dieter"]
[Result "1-0"]
[WhiteElo "2085"]
[BlackElo "1885"]
[PlyCount "43"]
[EventDate "2004.??.??"]

1. e4 c5 2. c3 g6 3. Nf3 Bg7 4. d4 cxd4 5. cxd4 Nc6 6. Be3 d6 7. h3 e6 8. Qd2
a6 9. Nc3 b5 10. Bd3 Nge7 11. Rc1 Bb7 12. O-O f5 13. Rfe1 O-O 14. Bh6 e5 15.
Bxg7 Kxg7 16. d5 Nb4 17. Bb1 fxe4 18. Bxe4 Rf4 19. Ng5 Bc8 20. g3 Rxe4 21. Rxe4
Bf5 22. Rxb4 1-0

[Event "34. Potsdamer Weihnachtsturnier"]
[Site "?"]
[Date "2009.12.29"]
[Round "5.7"]
[White "Kasper, Mike"]
[Black "Allgaier, Erik"]
[Result "0-1"]
[WhiteElo "1956"]
[BlackElo "2073"]
[PlyCount "42"]
[EventDate "2004.??.??"]

1. e4 g6 2. d4 d6 3. Nc3 Nf6 4. f4 c5 5. Bb5+ Bd7 6. e5 cxd4 7. Qxd4 dxe5 8.
fxe5 Nc6 9. Qa4 Nh5 10. Nf3 a6 11. Nd5 Ng7 12. c4 Ne6 13. Bxc6 bxc6 14. Nc3 Qb6
15. Qc2 Rb8 16. Na4 Nd4 17. Nxd4 Qxd4 18. Qc3 Qe4+ 19. Be3 Bh6 20. Kf2 Bxe3+
21. Qxe3 Qc2+ 0-1

[Event "34. Potsdamer Weihnachtsturnier"]
[Site "?"]
[Date "2009.12.29"]
[Round "5.8"]
[White "Lenz, Tobias"]
[Black "Gebigke, Martin"]
[Result "0-1"]
[WhiteElo "1929"]
[BlackElo "2231"]
[PlyCount "66"]
[EventDate "2004.??.??"]

1. d4 Nf6 2. Nf3 g6 3. Bf4 Bg7 4. Nbd2 O-O 5. e4 d6 6. c3 Nc6 7. Bb5 a6 8. Ba4
b5 9. Bc2 Nd7 10. O-O e5 11. Bg5 Qe8 12. d5 Ne7 13. a4 Bb7 14. axb5 axb5 15.
Rxa8 Bxa8 16. Bd3 f6 17. Be3 Nc5 18. Bxc5 dxc5 19. b3 Qb8 20. Qa1 Qb6 21. Qa2
Bb7 22. Ra1 Ra8 23. Qb2 Rxa1+ 24. Qxa1 Nc8 25. Qa2 Nd6 26. c4 b4 27. Qa1 h6 28.
g3 Kh7 29. Ne1 f5 30. f3 c6 31. Ng2 cxd5 32. cxd5 c4+ 33. Kh1 cxd3 0-1

[Event "34. Potsdamer Weihnachtsturnier"]
[Site "?"]
[Date "2009.12.29"]
[Round "5.9"]
[White "Godoj, Veit"]
[Black "Maslov, Maxim"]
[Result "1-0"]
[WhiteElo "2072"]
[BlackElo "1778"]
[PlyCount "175"]
[EventDate "2004.??.??"]

1. d4 f5 2. f4 Nf6 3. Nf3 e6 4. e3 d5 5. b3 Bd6 6. Ba3 O-O 7. Bd3 Bxa3 8. Nxa3
Nbd7 9. O-O Ne4 10. Nb1 Ndf6 11. Ne5 Bd7 12. Nd2 Be8 13. Nxe4 dxe4 14. Be2 Nd5
15. Qd2 Qh4 16. Bc4 Rf6 17. Bxd5 exd5 18. Rac1 Rh6 19. g3 Qd8 20. c4 dxc4 21.
bxc4 Bf7 22. Rb1 Rb6 23. Rbc1 Qe7 24. Rf2 Rd8 25. Qc2 Qa3 26. Qc3 Ra6 27. Rg2
Rdd6 28. Rb2 Rdb6 29. Rxb6 axb6 30. c5 b5 31. Qxa3 Rxa3 32. c6 b6 33. d5 Ra8
34. d6 cxd6 35. Nd7 Be6 36. Nxb6 Rb8 37. Nd7 Rc8 38. a3 Kf7 39. Nb6 Rb8 40. Nd7
Ra8 41. Nb6 Ra6 42. Nd7 Bxd7 43. cxd7 Ke7 44. Rc7 Rxa3 45. d8=Q+ Kxd8 46. Rxg7
b4 47. Rxh7 b3 48. Rb7 Kc8 49. Rb4 Kc7 50. h4 Ra1+ 51. Kg2 Kc6 52. Rxb3 Ra2+
53. Kh3 Kd7 54. g4 fxg4+ 55. Kxg4 Ke6 56. f5+ Kf6 57. Kf4 Rf2+ 58. Kxe4 Rxf5
59. Rb4 d5+ 60. Kd3 Ke5 61. Rg4 Rf1 62. Rg5+ Ke6 63. Rg3 Rh1 64. Rg4 Kf5 65.
Rf4+ Ke5 66. Ke2 Rh2+ 67. Kf3 Rh3+ 68. Kf2 Ke6 69. Rg4 Kf5 70. Ra4 Ke5 71. Ke2
Rh2+ 72. Kd3 Rh3 73. Rg4 Kf5 74. Rg5+ Ke6 75. h5 Rh4 76. Rg6+ Kf5 77. Rd6 Ke5
78. Rh6 Rh1 79. Rh8 Kf6 80. h6 Kg6 81. Rd8 Rh5 82. Rd6+ Kf7 83. Kd4 Ke7 84. Ra6
Kf7 85. h7 Rxh7 86. Ra7+ Kg6 87. Rxh7 Kxh7 88. Kxd5 1-0

[Event "34. Potsdamer Weihnachtsturnier"]
[Site "?"]
[Date "2009.12.29"]
[Round "5.10"]
[White "Bauer, Norbert"]
[Black "Haar, Reinhard"]
[Result "1-0"]
[WhiteElo "2064"]
[BlackElo "1471"]
[PlyCount "35"]
[EventDate "2004.??.??"]

1. d4 Nf6 2. Nc3 g6 3. e4 d6 4. Bg5 Bg7 5. e5 dxe5 6. dxe5 Qxd1+ 7. Rxd1 Ng4 8.
h3 Nxe5 9. Nd5 O-O 10. Nxc7 Na6 11. Nxa8 Nb4 12. c3 Nc2+ 13. Kd2 Bf5 14. Nc7
Rc8 15. Nd5 Rd8 16. Kc1 Kh8 17. Nxe7 Nd7 18. Nxf5 1-0

[Event "34. Potsdamer Weihnachtsturnier"]
[Site "?"]
[Date "2009.12.29"]
[Round "5.11"]
[White "Kliem, Helmut"]
[Black "Schlueter, Bernd"]
[Result "0-1"]
[WhiteElo "1846"]
[BlackElo "2004"]
[PlyCount "72"]
[EventDate "2004.??.??"]

1. e4 d6 2. d4 Nf6 3. Nc3 g6 4. Nf3 Bg7 5. h3 O-O 6. Be3 Nc6 7. Be2 e5 8. O-O
exd4 9. Nxd4 Re8 10. Bf3 Nxd4 11. Bxd4 Be6 12. Re1 Nd7 13. Bxg7 Kxg7 14. Bg4
Ne5 15. Bxe6 fxe6 16. f4 Nc6 17. Qg4 Nd4 18. Rac1 Qf6 19. e5 Qf5 20. exd6 cxd6
21. Qxf5 gxf5 22. Red1 e5 23. Nd5 Ne2+ 24. Kf2 Nxc1 25. Nc7 Nxa2 26. Nxa8 Rxa8
27. c3 Rc8 28. fxe5 dxe5 29. Rd7+ Kg6 30. Rxb7 Ra8 31. Ke2 a5 32. Kd2 a4 33.
Kc2 a3 34. bxa3 Rxa3 35. Kb2 Rxc3 36. Ra7 Rg3 0-1

[Event "34. Potsdamer Weihnachtsturnier"]
[Site "?"]
[Date "2009.12.29"]
[Round "5.12"]
[White "Schrodt, Horst"]
[Black "Schiffermueller, Stefan"]
[Result "0-1"]
[WhiteElo "1708"]
[BlackElo "1963"]
[PlyCount "72"]
[EventDate "2004.??.??"]

1. d4 Nf6 2. c4 e6 3. Nc3 Bb4 4. e3 b6 5. Bd2 Bb7 6. a3 Bxc3 7. Bxc3 O-O 8. Nf3
d5 9. Rc1 Nbd7 10. Bb4 c5 11. dxc5 bxc5 12. Bc3 Ne4 13. cxd5 exd5 14. Be2 Ndf6
15. Bxf6 Qxf6 16. Qc2 Rab8 17. O-O Bc8 18. b4 Bf5 19. Qb3 Be6 20. Rfd1 a5 21.
b5 c4 22. Qa4 Nc5 23. Qxa5 Nb3 24. Qb4 Nxc1 25. Rxc1 Rfc8 26. Nd4 Bf5 27. Bf3
Qe5 28. a4 Be4 29. Qa3 Bxf3 30. Nxf3 Qe4 31. Nd4 Qd3 32. Qd6 c3 33. Nc6 Qd2 34.
Rf1 c2 35. Nxb8 c1=Q 36. h3 Qxf1+ 0-1

[Event "34. Potsdamer Weihnachtsturnier"]
[Site "?"]
[Date "2009.12.29"]
[Round "5.13"]
[White "Schirrmacher, Carsten"]
[Black "Bachran, Boris"]
[Result "1-0"]
[WhiteElo "2112"]
[BlackElo "1951"]
[PlyCount "209"]
[EventDate "2004.??.??"]

1. d4 d5 2. c4 Nc6 3. Nf3 Bg4 4. e3 Bxf3 5. Qxf3 e6 6. cxd5 Bb4+ 7. Nc3 Qxd5 8.
Qg3 Bxc3+ 9. bxc3 Qa5 10. Bd2 g6 11. Bc4 Nf6 12. Qh4 Qf5 13. f3 Nh5 14. e4 Qa5
15. g4 Ng7 16. Qf6 O-O 17. O-O Ne8 18. Qf4 e5 19. Qe3 exd4 20. cxd4 Qa4 21.
Rac1 Nd6 22. Bd5 Qxd4 23. Bxc6 Qxe3+ 24. Bxe3 bxc6 25. Rxc6 Rfc8 26. Rfc1 Ne8
27. a4 Rd8 28. Ra6 Rd6 29. Rcc6 Rxc6 30. Rxc6 a6 31. Kf2 f6 32. g5 fxg5 33.
Bxg5 Kf7 34. e5 Ra7 35. Be3 Ra8 36. Bc5 a5 37. Kg3 Rd8 38. e6+ Kg7 39. Ra6 Rd5
40. Rxa5 Kf6 41. e7 Kf7 42. Kf4 Nd6 43. Bb6 Rf5+ 44. Rxf5+ Nxf5 45. Bxc7 Kxe7
46. Be5 Ke6 47. a5 Ne7 48. Bb8 Nd5+ 49. Kg5 Kf7 50. a6 Nb6 51. Bc7 Na8 52. Ba5
Kg7 53. Bc3+ Kf7 54. a7 Nc7 55. Ba5 Na8 56. h3 Kg7 57. Bc3+ Kf7 58. Ba5 Kg7 59.
Kf4 Kf6 60. Bd8+ Ke6 61. Kg5 Kf7 62. Kf4 Ke6 63. Ke4 Kd7 64. Ba5 Ke6 65. Kd4
Kd6 66. Kc4 Kc6 67. Kd4 Kd6 68. h4 h6 69. Ke4 Ke6 70. Bd2 h5 71. Ba5 Kd6 72.
Kf4 Ke6 73. Kg5 Kf7 74. Kh6 Kf6 75. Bd8+ Kf7 76. Kh7 Ke8 77. Ba5 Kf7 78. f4 Kf6
79. Bd8+ Kf5 80. Kh6 Kxf4 81. Kxg6 Kg4 82. Kh6 Kf4 83. Kxh5 Kf5 84. Kh6 Ke6 85.
Kg7 Kd7 86. Ba5 Kc6 87. h5 Kb5 88. Bd8 Ka6 89. h6 Kb7 90. h7 Kxa7 91. h8=Q Kb7
92. Qh1+ Ka7 93. Kf7 Kb8 94. Ke8 Ka7 95. Qa1+ Kb7 96. Qb2+ Kc8 97. Qc3+ Kb7 98.
Kd7 Ka6 99. Kc6 Ka7 100. Qe3+ Kb8 101. Qe5+ Kc8 102. Qe6+ Kb8 103. Qd6+ Ka7
104. Qd7+ Nc7 105. Qxc7+ 1-0

[Event "34. Potsdamer Weihnachtsturnier"]
[Site "?"]
[Date "2009.12.29"]
[Round "5.14"]
[White "Bernhoeft, Erhard"]
[Black "Ulrich, Gert"]
[Result "1/2-1/2"]
[WhiteElo "2021"]
[BlackElo "1753"]
[PlyCount "81"]
[EventDate "2004.??.??"]

1. g3 d5 2. Bg2 e5 3. c4 d4 4. b4 c5 5. bxc5 Bxc5 6. Ba3 Na6 7. Qb3 Rb8 8. Bxc5
Nxc5 9. Qb5+ Nd7 10. Nf3 f6 11. Nh4 Ne7 12. O-O O-O 13. d3 Qb6 14. Na3 a6 15.
Qxb6 Nxb6 16. Rfb1 Na4 17. Rb4 Nc3 18. Kf1 g5 19. Nf3 Nc6 20. Rb2 Na7 21. Nb1
Na4 22. Rb4 b5 23. cxb5 axb5 24. Nfd2 Bd7 25. Na3 Nc3 26. Ne4 Nc6 27. Rb2 Ne7
28. Rc1 b4 29. Nc4 Bc6 30. Ncd6 Bd5 31. Nc4 Kg7 32. Nc5 Rfc8 33. Na6 Ra8 34.
Nxb4 Ra7 35. Nd6 Rca8 36. Nxd5 Nexd5 37. Nb5 Rxa2 38. Nxc3 Nxc3 39. Rb7+ Kg6
40. Bf3 R8a7 41. Rb8 1/2-1/2

[Event "34. Potsdamer Weihnachtsturnier"]
[Site "?"]
[Date "2009.12.29"]
[Round "5.16"]
[White "Ispirjan, Mikael"]
[Black "Sicora, Carsten"]
[Result "1/2-1/2"]
[WhiteElo "1756"]
[BlackElo "1926"]
[PlyCount "65"]
[EventDate "2004.??.??"]

1. e4 e5 2. Nf3 Nc6 3. Bb5 a6 4. Ba4 Nf6 5. O-O b5 6. Bb3 Nxe4 7. Re1 d5 8. d3
Nf6 9. Nxe5 Nxe5 10. Rxe5+ Be6 11. Bg5 Bd6 12. Re1 O-O 13. d4 Re8 14. Nd2 h6
15. Bh4 g5 16. Bg3 Bxg3 17. fxg3 Qd6 18. Rf1 Ng4 19. Qf3 f5 20. Rae1 Nf6 21. c3
Rf8 22. Qe2 Ne4 23. Bc2 Rae8 24. Qd1 Kg7 25. Rf3 c5 26. Nb3 c4 27. Nd2 a5 28.
a3 Bd7 29. Nb1 b4 30. axb4 axb4 31. Nd2 Qb6 32. Bxe4 fxe4 33. Rxf8 1/2-1/2

[Event "34. Potsdamer Weihnachtsturnier"]
[Site "?"]
[Date "2009.12.29"]
[Round "5.17"]
[White "Große, Michael"]
[Black "Toth, Hans-Juergen"]
[Result "1-0"]
[WhiteElo "1902"]
[BlackElo "1684"]
[PlyCount "89"]
[EventDate "2004.??.??"]

1. Nc3 e6 2. e4 Bb4 3. a3 Bxc3 4. dxc3 Nc6 5. Be3 Nf6 6. f3 O-O 7. Ne2 d5 8.
exd5 Nxd5 9. Bf2 Nf6 10. Nd4 Bd7 11. Qd2 e5 12. Nb3 Be6 13. Qxd8 Nxd8 14. Nc5
Bf5 15. O-O-O b6 16. Nb3 Nb7 17. g4 Be6 18. Bg3 Nd7 19. h3 f6 20. Bg2 Rab8 21.
f4 Nbc5 22. Nxc5 bxc5 23. f5 Kf7 24. fxe6+ Kxe6 25. Bf2 f5 26. gxf5+ Rxf5 27.
Rhf1 g6 28. Bd5+ Ke7 29. Bh4+ Nf6 30. Rxf5 gxf5 31. Rf1 f4 32. Re1 Kd6 33. Bxf6
Kxd5 34. Rxe5+ Kc6 35. Rf5 Rg8 36. Rxf4 Rg6 37. b4 a6 38. Kb2 Kb5 39. Rf5 Kb6
40. Bg5 c4 41. a4 h6 42. Bf4 Kb7 43. Rc5 Rc6 44. Rxc6 Kxc6 45. Bxh6 1-0

[Event "34. Potsdamer Weihnachtsturnier"]
[Site "?"]
[Date "2009.12.29"]
[Round "5.18"]
[White "Barna, André"]
[Black "Muehlhan, Klaus"]
[Result "1-0"]
[WhiteElo "2168"]
[BlackElo "1932"]
[PlyCount "65"]
[EventDate "2004.??.??"]

1. e4 c5 2. Nf3 a6 3. c4 d6 4. Nc3 b6 5. d4 cxd4 6. Nxd4 Bb7 7. Be3 Nd7 8. Be2
Ngf6 9. f3 e6 10. Rc1 Be7 11. Qd2 Rc8 12. O-O O-O 13. Rfd1 Qc7 14. Bf1 Rfd8 15.
Qf2 Qb8 16. b3 d5 17. cxd5 exd5 18. Nf5 Ba3 19. Nxd5 Nxd5 20. Rxc8 Qxc8 21. Qg3
Bf8 22. exd5 g6 23. d6 Qc2 24. Ne7+ Kg7 25. Rc1 Qb2 26. Qh4 f6 27. Qh6+ Kf7 28.
Qxh7+ Ke6 29. Bc4+ Kxd6 30. Rd1+ Kc7 31. Bf4+ Ne5 32. Nd5+ Kb8 33. Qc7+ 1-0

[Event "34. Potsdamer Weihnachtsturnier"]
[Site "?"]
[Date "2009.12.29"]
[Round "5.19"]
[White "Bielick, Jakob"]
[Black "Perestjuk, Marko"]
[Result "1-0"]
[WhiteElo "1655"]
[BlackElo "1902"]
[PlyCount "109"]
[EventDate "2004.??.??"]

1. e4 c5 2. Nf3 d6 3. d4 cxd4 4. Nxd4 Nf6 5. Nc3 g6 6. Be2 Bg7 7. Be3 O-O 8.
Qd2 Ng4 9. Bxg4 Bxg4 10. f3 Bd7 11. Bh6 Nc6 12. Nxc6 bxc6 13. h4 Bxh6 14. Qxh6
Qb6 15. h5 Qxb2 16. Kd2 Qb4 17. hxg6 Qd4+ 18. Ke2 Qc4+ 19. Kd2 Qd4+ 20. Ke2
Qc4+ 21. Kf2 Qd4+ 22. Kf1 Qg7 23. Qxh7+ Qxh7 24. Rxh7 fxg6 25. Rxe7 Rf7 26.
Rxf7 Kxf7 27. Rb1 Ke6 28. Rb7 a5 29. Na4 Bc8 30. Rc7 Rb8 31. Rxc6 Bd7 32. Nc5+
Ke7 33. Nxd7 Kxd7 34. Ra6 Rb1+ 35. Kf2 Rb2 36. Rxa5 Rxc2+ 37. Kg3 Ke6 38. a4
Ra2 39. Ra8 g5 40. a5 Ke5 41. a6 Kd4 42. Rg8 g4 43. a7 Rxa7 44. Kxg4 Ra5 45.
Rg5 Ra6 46. Rd5+ Ke3 47. Kf5 Kf2 48. Rd2+ Ke3 49. Rb2 Rc6 50. Ke6 Ra6 51. Kd5
Kf4 52. Rc2 Kg3 53. Rc6 Ra4 54. Rxd6 Kxg2 55. Rf6 1-0

[Event "34. Potsdamer Weihnachtsturnier"]
[Site "?"]
[Date "2009.12.29"]
[Round "5.20"]
[White "Mildenberger, Hans"]
[Black "Osvath, Zoltan"]
[Result "0-1"]
[WhiteElo "1636"]
[BlackElo "1900"]
[PlyCount "28"]
[EventDate "2004.??.??"]

1. d4 d5 2. c4 e6 3. Nf3 Nf6 4. e3 Be7 5. Bd3 O-O 6. O-O b6 7. Nc3 Bb7 8. cxd5
exd5 9. Re1 Ne4 10. Qb3 c5 11. Qc2 f5 12. dxc5 bxc5 13. Nxe4 fxe4 14. Bxe4 dxe4
0-1

[Event "34. Potsdamer Weihnachtsturnier"]
[Site "?"]
[Date "2009.12.29"]
[Round "5.21"]
[White "Brinckmann, Dieter"]
[Black "Steppan, Siegfried"]
[Result "1/2-1/2"]
[WhiteElo "1893"]
[BlackElo "1591"]
[PlyCount "94"]
[EventDate "2004.??.??"]

1. d4 Nf6 2. c4 g6 3. Nc3 Bg7 4. e4 d6 5. Bg5 O-O 6. Be2 c5 7. Nf3 h6 8. Bh4
Bg4 9. dxc5 dxc5 10. Qxd8 Rxd8 11. e5 Nfd7 12. h3 Bxf3 13. Bxf3 Nc6 14. Bxc6
bxc6 15. f4 f6 16. exf6 exf6 17. O-O-O Nb6 18. b3 Rxd1+ 19. Rxd1 Re8 20. Bf2 f5
21. Kc2 Bf8 22. g4 fxg4 23. hxg4 Kf7 24. Rd3 Kg8 25. a3 Kg7 26. Rf3 Nd7 27. g5
hxg5 28. fxg5 Kg8 29. Re3 Rxe3 30. Bxe3 Be7 31. Ne4 Kf7 32. Kc3 Ke6 33. b4
cxb4+ 34. axb4 Kf5 35. Kd4 Bxb4 36. c5 a5 37. Ng3+ Ke6 38. Ne4 a4 39. Kc4 Ba5
40. Bc1 Ke5 41. Nd6 Ke6 42. Ne4 Ne5+ 43. Kd4 Bb4 44. Nc3 a3 45. Na2 Be1 46. Ke4
Nc4 47. Kd3 Kd5 1/2-1/2

[Event "34. Potsdamer Weihnachtsturnier"]
[Site "?"]
[Date "2009.12.29"]
[Round "5.22"]
[White "Neumann, Ingo"]
[Black "Neumaier, Hubert"]
[Result "0-1"]
[WhiteElo "1609"]
[BlackElo "1846"]
[PlyCount "136"]
[EventDate "2004.??.??"]

1. e4 d5 2. exd5 Qxd5 3. Nc3 Qd6 4. d4 Nf6 5. Nf3 a6 6. h3 e6 7. Bd3 Be7 8. O-O
O-O 9. Re1 b5 10. Ne4 Qb6 11. Be3 Nd5 12. Neg5 f5 13. h4 h6 14. Nh3 Nd7 15. Nf4
Nxf4 16. Bxf4 Bb7 17. c3 c5 18. Ne5 Nxe5 19. Bxe5 Qc6 20. Bf1 Bxh4 21. Qh5 Bf6
22. Rad1 Rad8 23. Bxf6 Rxf6 24. dxc5 Rxd1 25. Rxd1 Qxc5 26. Qe8+ Qf8 27. Rd8
Qxe8 28. Rxe8+ Kf7 29. Rb8 Bd5 30. b3 e5 31. c4 bxc4 32. bxc4 Be4 33. f3 Bc2
34. Rb7+ Kg6 35. Rb2 Ba4 36. Rb4 Bd7 37. c5 Bc8 38. a4 Rc6 39. Rb6 Rxb6 40.
cxb6 Kf6 41. g4 g6 42. gxf5 gxf5 43. Kf2 a5 44. Kg3 Ke6 45. Kh4 Kd6 46. Kh5 Kc6
47. Kxh6 Kxb6 48. Bb5 Kc5 49. Kg5 Kd4 50. Bc6 e4 51. fxe4 fxe4 52. Kf4 e3 53.
Bb5 Bd7 54. Kf3 Bf5 55. Ke2 Bg4+ 56. Ke1 Kc3 57. Be8 Kb4 58. Bc6 Be6 59. Ke2
Bb3 60. Kxe3 Bxa4 61. Bd5 Kc3 62. Ke2 Bb5+ 63. Kd1 Kb2 64. Kd2 a4 65. Bf7 a3
66. Be6 Ba4 67. Bd5 Bb3 68. Bxb3 Kxb3 0-1

[Event "34. Potsdamer Weihnachtsturnier"]
[Site "?"]
[Date "2009.12.29"]
[Round "5.24"]
[White "von Bassewitz, Ingo"]
[Black "Cech, Tim"]
[Result "1/2-1/2"]
[WhiteElo "1941"]
[BlackElo "1420"]
[PlyCount "64"]
[EventDate "2004.??.??"]

1. e4 e5 2. f4 exf4 3. Nc3 Bb4 4. Nf3 d6 5. Nd5 Nc6 6. Nxf4 Nf6 7. Bd3 Bg4 8.
c3 Bc5 9. h3 Bxf3 10. Qxf3 Ne5 11. Qe2 Nxd3+ 12. Nxd3 Qe7 13. Nxc5 dxc5 14. d3
O-O-O 15. Bg5 h6 16. Bxf6 Qxf6 17. O-O-O Rhe8 18. Rhf1 Qe6 19. Qh5 Rd7 20. Kb1
c4 21. dxc4 Qxe4+ 22. Ka1 Rxd1+ 23. Rxd1 Qxc4 24. Qf5+ Qe6 25. Qd3 Qe7 26. Qd4
Rd8 27. Qg4+ Kb8 28. Rxd8+ Qxd8 29. a3 Qg5 30. Qd7 b6 31. Qe8+ Kb7 32. Qe4+ Kb8
1/2-1/2

[Event "34. Potsdamer Weihnachtsturnier"]
[Site "?"]
[Date "2009.12.29"]
[Round "5.25"]
[White "Heinrich, Daniela"]
[Black "Francke, Jörg"]
[Result "0-1"]
[WhiteElo "1421"]
[BlackElo "2053"]
[PlyCount "92"]
[EventDate "2004.??.??"]

1. e4 e5 2. Nf3 Nf6 3. Nxe5 d6 4. Nf3 Nxe4 5. Qe2 Qe7 6. d3 Nf6 7. Bg5 Qxe2+ 8.
Bxe2 Be7 9. Nc3 h6 10. Bh4 c6 11. Ne4 Nxe4 12. Bxe7 Kxe7 13. dxe4 Be6 14. Nd4
Nd7 15. f4 Nc5 16. Nxe6 fxe6 17. Bf3 Rhf8 18. b4 Na6 19. b5 cxb5 20. Rb1 Nc7
21. g3 g5 22. Rg1 e5 23. f5 a6 24. c4 Ra7 25. cxb5 axb5 26. Rg2 Ne6 27. Bd1 Nd4
28. Bb3 Kf6 29. Bd5 Rc8 30. Kd1 Rc3 31. Rbb2 b6 32. Rgf2 Rac7 33. Bb3 R7c5 34.
Kd2 g4 35. Bd1 h5 36. Rf1 Rc1 37. Rf2 Ra1 38. Rf1 Rcc1 39. Re1 Nf3+ 40. Bxf3
Rxe1 41. Be2 Rh1 42. h4 Rhg1 43. Bxb5 Rg2+ 44. Kc3 Rxb2 45. Kxb2 Re1 46. Be8
Rxe4 0-1

[Event "34. Potsdamer Weihnachtsturnier"]
[Site "?"]
[Date "2009.12.29"]
[Round "5.26"]
[White "Vachkov, Temi"]
[Black "Heinrich, Philipp"]
[Result "1-0"]
[WhiteElo "1804"]
[BlackElo "1335"]
[PlyCount "47"]
[EventDate "2004.??.??"]

1. d4 Nf6 2. c4 g6 3. Nc3 Bg7 4. e4 d6 5. Be2 O-O 6. f4 Nbd7 7. Nf3 e5 8. fxe5
dxe5 9. d5 Qe7 10. Rb1 Nc5 11. Qc2 a5 12. a3 a4 13. h3 Nfd7 14. O-O Nb6 15. Be3
f5 16. Nd2 f4 17. Bf2 Bd7 18. b4 axb3 19. Nxb3 Nxb3 20. Rxb3 Rxa3 21. c5 Rxb3
22. Qxb3 Nc8 23. d6+ Be6 24. dxe7 1-0

[Event "34. Potsdamer Weihnachtsturnier"]
[Site "?"]
[Date "2009.12.29"]
[Round "5.27"]
[White "Petrak, Falk"]
[Black "Faust, Adrian"]
[Result "1-0"]
[WhiteElo "1747"]
[BlackElo "876"]
[PlyCount "101"]
[EventDate "2004.??.??"]

1. d4 e5 2. dxe5 Nc6 3. Nf3 Qe7 4. Nbd2 f6 5. exf6 Nxf6 6. e3 d5 7. Bb5 Bd7 8.
Bxc6 Bxc6 9. Nd4 Qd7 10. N2f3 O-O-O 11. Ne5 Qe8 12. Nexc6 bxc6 13. Qe2 Kb7 14.
a4 a6 15. Bd2 Bd6 16. Bc3 Rb8 17. Nb3 Qe7 18. Na5+ Kb6 19. O-O Ne4 20. Qe1 Nxc3
21. Qxc3 Qe5 22. Qxe5 Bxe5 23. Nb3 Bxb2 24. Rab1 Bf6 25. Nd4+ Kc5 26. Ne6+ Kd6
27. Nf4 c5 28. Rfd1 d4 29. Nh5 Be5 30. f4 Bxf4 31. Nxf4 Rxb1 32. Rxb1 dxe3 33.
Rd1+ Kc6 34. Nd5 Re8 35. Nc3 Kb6 36. Re1 Ka5 37. Nd5 e2 38. Nxc7 Re5 39. Kf2
Kxa4 40. Rxe2 Rxe2+ 41. Kxe2 a5 42. Kd2 Kb4 43. Kc1 a4 44. Kb2 c4 45. Nd5+ Kb5
46. Ka3 Kc5 47. Nc3 Kd4 48. Nb5+ Ke3 49. Kxa4 Kd2 50. c3 Kc2 51. Kb4 1-0

[Event "34. Potsdamer Weihnachtsturnier"]
[Site "?"]
[Date "2009.12.29"]
[Round "5.28"]
[White "Eichstaedt, Mirko"]
[Black "Schweitzer, Paul"]
[Result "1-0"]
[WhiteElo "1575"]
[BlackElo "1782"]
[PlyCount "141"]
[EventDate "2004.??.??"]

1. e4 d6 2. f4 Nf6 3. Nc3 c6 4. d4 h5 5. Nf3 h4 6. Be2 h3 7. g3 b5 8. a3 Qb6 9.
Be3 Ng4 10. Bg1 a6 11. Nd2 Nh6 12. b4 Bb7 13. Bf2 Qc7 14. Nb3 e6 15. Bf3 f5 16.
Na5 Bc8 17. e5 dxe5 18. dxe5 Bd7 19. Qd3 Ra7 20. Bxa7 Qxa7 21. Nb3 g6 22. O-O-O
c5 23. Nxc5 Bxc5 24. bxc5 Qxc5 25. Qd6 Qe3+ 26. Kb2 Kf7 27. Rd3 Qa7 28. Rhd1
Rd8 29. Qd4 Qc7 30. Qe3 Ke8 31. Qd2 Nf7 32. Ne2 a5 33. Rc3 Bc6 34. Bxc6+ Nxc6
35. Qe1 b4 36. axb4 axb4 37. Rc4 Qb7 38. Rxd8+ Nfxd8 39. Nc1 Qa6 40. Qe2 Qa3+
41. Kb1 Na5 42. Rc8 Qa4 43. Qa6 Qd7 44. Ra8 Nac6 45. Qc8 Qd5 46. Qc7 Nd4 47.
Ra7 N4c6 48. Ra8 Nd4 49. Qa5 Nf3 50. Qxd5 exd5 51. Nd3 b3 52. cxb3 Nxh2 53. Nf2
Nf1 54. Nxh3 Nxg3 55. Ra6 Kf7 56. Rd6 Ne6 57. Rxd5 Ne2 58. Ra5 N6xf4 59. Nxf4
Nxf4 60. b4 Ke6 61. b5 Nd5 62. b6 Nxb6 63. Ra6 Kxe5 64. Rxb6 g5 65. Kc2 Kf4 66.
Kd2 Kg3 67. Rb5 Kg4 68. Ke2 f4 69. Kf2 Kh5 70. Kf3 Kh4 71. Rb6 1-0

[Event "34. Potsdamer Weihnachtsturnier"]
[Site "?"]
[Date "2009.12.29"]
[Round "5.29"]
[White "Mueller, Klaus"]
[Black "Paul, Fabian"]
[Result "1-0"]
[WhiteElo "2045"]
[BlackElo "1047"]
[PlyCount "85"]
[EventDate "2004.??.??"]

1. e4 c5 2. Nc3 Nc6 3. g3 g6 4. Bg2 Nf6 5. d3 Bg7 6. f4 O-O 7. Nf3 d6 8. h3 Be6
9. O-O Qd7 10. Kh2 Rab8 11. Ne2 Ne8 12. c3 d5 13. Ng5 Nc7 14. Nxe6 Qxe6 15. f5
Qd7 16. Bf4 Be5 17. Bh6 Bg7 18. Be3 Ne5 19. Bxc5 b6 20. Bd4 Rbd8 21. Bxe5 Bxe5
22. d4 Bg7 23. fxg6 fxg6 24. Qb3 e6 25. exd5 Nxd5 26. Bxd5 exd5 27. Rxf8+ Rxf8
28. Nf4 Rf5 29. Qc2 Qf7 30. Kg2 g5 31. Nd3 h5 32. Qe2 h4 33. g4 Rf6 34. Re1 Bf8
35. Ne5 Qc7 36. Rf1 Bg7 37. Rxf6 Bxf6 38. Qf3 Bxe5 39. Qxd5+ Qf7 40. Qxe5 Qxa2
41. Qxg5+ Kf7 42. Qxh4 Qxb2+ 43. Qf2+ 1-0